Thiết kế mạch bằng máy tính
Αποθηκεύτηκε σε:
| Κύριος συγγραφέας: | |
|---|---|
| Μορφή: | Βιβλίο |
| Γλώσσα: | Undetermined |
| Έκδοση: |
H.
KHKT
2003
|
| Θέματα: | |
| Ετικέτες: |
Προσθήκη ετικέτας
Δεν υπάρχουν, Καταχωρήστε ετικέτα πρώτοι!
|
| Thư viện lưu trữ: | Trung tâm Học liệu Trường Đại học Cần Thơ |
|---|
| LEADER | 00527nam a2200193Ia 4500 | ||
|---|---|---|---|
| 001 | CTU_56930 | ||
| 008 | 210402s9999 xx 000 0 und d | ||
| 020 | |b 37000 | ||
| 082 | |a 621.30285 | ||
| 082 | |b Gi106 | ||
| 100 | |a Nguyễn Linh Giang | ||
| 245 | 0 | |a Thiết kế mạch bằng máy tính | |
| 245 | 0 | |c Nguyễn Linh Giang | |
| 260 | |a H. | ||
| 260 | |b KHKT | ||
| 260 | |c 2003 | ||
| 650 | |a electronic circuit design | ||
| 650 | |x data processing | ||
| 980 | |a Trung tâm Học liệu Trường Đại học Cần Thơ | ||